| 000 | 00479nam a22001457a 4500 | ||
|---|---|---|---|
| 003 | OSt | ||
| 005 | 20240425121637.0 | ||
| 008 | 240425b |||||||| |||| 00| 0 eng d | ||
| 040 | _cMRSPTU | ||
| 100 | _aSwami , Urkarananda (स्वामी, उरकरानन्द) | ||
| 245 | _aChicago Ko Vishwdharma Mahasabha (शिकागो को विश्वधर्म महासभा) | ||
| 260 |
_aNagpur _bRam Krishan Muth _c2011 |
||
| 300 | _a92 | ||
| 942 |
_2ddc _cBK _n0 |
||
| 999 |
_c10147 _d10147 |
||